| 000 -LEADER |
| fixed length control field |
01256pab a2200205 454500 |
| 008 - FIXED-LENGTH DATA ELEMENTS--GENERAL INFORMATION |
| fixed length control field |
180718b2005 xxu||||| |||| 00| 0 eng d |
| 100 ## - MAIN ENTRY--PERSONAL NAME |
| Personal name |
Muthusamy, Senthil K. |
| 245 ## - TITLE STATEMENT |
| Title |
Learning and knowledge transfer in strategic alliances: a social exchange view |
| 260 ## - PUBLICATION, DISTRIBUTION, ETC. |
| Date of publication, distribution, etc. |
2005 |
| 300 ## - PHYSICAL DESCRIPTION |
| Extent |
p.415-41. |
| 362 ## - DATES OF PUBLICATION AND/OR SEQUENTIAL DESIGNATION |
| Dates of publication and/or sequential designation |
Mar |
| 520 ## - SUMMARY, ETC. |
| Summary, etc. |
Although social interactions and exchanges between partners are emphasized as imperative for alliance success, comprehensive examination of how social exchanges facilitate learning and knowledge transfer in strategic alliances is lacking. Drawing on social exchange theory, we examined the effects of social exchange processes between alliance partners on the extent of learning and knowledge transfer in a strategic alliance. An empirical examination of data collected from alliance managers of 144 strategic alliances revealed that social exchanges such as reciprocal commitment, trust, and mutual influence between partners are positively related to learning and knowledge transfer in strategic alliances. - Reproduced. |
| 650 ## - SUBJECT ADDED ENTRY--TOPICAL TERM |
| Topical term or geographic name entry element |
Knowledge |
| 650 ## - SUBJECT ADDED ENTRY--TOPICAL TERM |
| Topical term or geographic name entry element |
Learning |
| 650 ## - SUBJECT ADDED ENTRY--TOPICAL TERM |
| Topical term or geographic name entry element |
Organizations |
| 650 ## - SUBJECT ADDED ENTRY--TOPICAL TERM |
| Topical term or geographic name entry element |
Strategic planning |
| 700 ## - ADDED ENTRY--PERSONAL NAME |
| Personal name |
White, Margaret A. |
| 773 ## - HOST ITEM ENTRY |
| Main entry heading |
Organization Studies |
| 909 ## - |
| -- |
64787 |